000 00727nmm a2200241 a 4500
003 AR-BaBNM
005 20251128202956.0
008 128019s1972 ||||||||||||||000 | spa||
040 _cAR-BaBNM
100 1 _aFentanes, Enrique
245 1 0 _aTratado de ciencia de la policía
_bintroducción dogmática general : primera parte
_nTomo 1
260 _aBuenos Aires
_bEditorial policial
_c1972
300 0 _a162 p.
500 0 _aReferencias bibliográficas al final de cada capítulo
610 2 4 _aPolicía Federal Argentina
650 4 _aPOLICIA
650 4 _aINVESTIGACION CIENTIFICA
650 4 _aDERECHO ADMINISTRATIVO
650 4 _aTERMINOLOGIA
650 4 _aMETODOS ESTADISTICOS
942 _cBK
998 _cCarmen
999 _c1332
_d1332